Current Premiers of Australian states and Territories - Statistics

General Stats
  • This quiz has been taken 4 times
  • The average score is 6 of 8
Answer Stats
State/Territory Party Answer % Correct
New South Wales Labor Chris Minns
100%
Queensland Liberal National David Crisafulli
100%
Victoria Labor Jacinta Allan
100%
South Australia Labor Peter Malinauskas
100%
Australian Capital Territory Labor Andrew Barr
67%
Tasmania Liberal Jeremy Rockliff
67%
Western Australia Labor Roger Cook
67%
Northern Territory Country Liberal Lia Finocchiaro
33%
No matching quizzes found
Score Distribution
Percent of People with Each Score
Percentile by Number Answered
Your Score History
You have not taken this quiz